Most kept Bird Species in Zoos - Statistics

General Stats
  • This quiz has been taken 68 times
  • The average score is 9 of 15
Answer Stats
Zoos Family Species % Correct
497 Parrots Blue-and-yellow macaw
87%
302 Parrots Red-and-green macaw
87%
298 Ratites Ostrich
83%
440 Water birds Mandarin duck
82%
336 Water birds Wood duck
82%
552 Ratites Emu
80%
403 Ratites Greater rhea
68%
508 Phasianidae Golden pheasant
67%
321 Phasianidae Silver pheasant
67%
888 Phasianidae Indian peafowl
48%
459 Ciconiidae White stork
45%
490 Strigidae Eurasian eagle-owl
25%
478 Strigidae Snowy owl
23%
301 Water birds Mallard
20%
369 Water birds Black swan
10%
No matching quizzes found
Score Distribution
Percent of People with Each Score
Percentile by Number Answered
Your Score History
You have not taken this quiz